name all limbus company identities - Statistics

General Stats
  • This quiz has been taken 22 times
  • The average score is 47 of 139
Answer Stats
Sinner Rarity Identity % Correct
yi sang 000 effloresced e.g.o: spicebush
67%
faust 000 the one who grips
67%
sinclair 000 the one who shall grip
67%
heathcliff 000 wild hunt
60%
heathcliff 000 lobotomy e.g.o: sunshower
53%
ishmael 000 the pequod captain
53%
heathcliff | hong lu | rodion | ryōshū 000 kurokumo clan wakashu
47%
yi sang 00 molar office fixer
47%
meursault 000 n corp. großhammer
47%
meursault 000 r corp. 4th pack rhino
47%
yi sang 00 seven assoc. south section 6
47%
hong lu 000 the lord of hongyuan
47%
meursault | sinclair 00 the middle little brother
47%
don quixote 000 the middle little sister
47%
yi sang 000 the ring pointillist student
47%
don quixote | ryōshū | yi sang 000 w corp. l3 cleanup agent
47%
meursault 000 blade lineage mentor
40%
don quixote | faust | outis | +2 others 000 blade lineage salsu
40%
yi sang 000 heishou pack- wu branch adept
40%
gregor | ishmael 000 kurokumo clan captain
40%
yi sang 00 lce e.g.o: lantern
40%
don quixote 000 lobotomy e.g.o: in the name of love and hate
40%
ishmael 00 lobotomy e.g.o: sloshing
40%
yi sang 000 lobotomy e.g.o: solemn lament
40%
sinclair 00 molar boatworks fixer
40%
outis 000 molar office fixer
40%
yi sang 000 n corp. e.g.o: fell bullet
40%
heathcliff 00 n corp. kleinhammer
40%
don quixote | rodion 00 n corp. mittlehammer
40%
ryōshū 000 r.b. chef de cuisine
40%
gregor 00 r.b. sous-chef
40%
heathcliff 000 r corp. 4th pack rabbit
40%
hong lu | ishmael 000 r corp. 4th pack reindeer
40%
faust 000 seven assoc. south section 4
40%
don quixote 000 the manager of la manchaland
40%
yi sang 00 the pequod 1st mate
40%
heathcliff 000 the pequod harpooneer
40%
hong lu 000 tingtang gang gangleader
40%
faust | hong lu | meursault 00 w corp. l2 cleanup agent
40%
outis 000 w corp. l3 cleanup captain
40%
yi sang 00 dieci assoc. south section 4
33%
hong lu 000 district 20 yurodivy
33%
ishmael 00 edgar family butler
33%
ryōshū 000 edgar family chief butler
33%
gregor 000 edgar family heir
33%
ishmael 000 family hierarch candidate
33%
heathcliff 000 full-stop office fixer
33%
hong lu 000 full-stop office rep
33%
outis 00 g corp. head manager
33%
gregor 000 g corp. manager corporal
33%
outis | ryōshū 000 heishou pack- mao branch
33%
faust 000 heishou pack- mao branch adept
33%
yi sang 000 liu assoc. south section 3
33%
faust 00 lobotomy corp. remnant
33%
outis 000 lobotomy e.g.o: magic bullet
33%
heathcliff 00 multicrack office fixer
33%
faust 000 multicrack office rep.
33%
gregor 00 rosespanner workshop fixer
33%
rodion 000 rosespanner workshop rep
33%
heathcliff 00 seven assoc. south section 4
33%
ryōshū 00 seven assoc. south section 6
33%
heathcliff | ishmael 00 shi assoc. south section 5
33%
don quixote 00 shi assoc. south section 5 director
33%
don quixote 000 t corp. class 3 collection staff
33%
outis 000 t corp. class 3 vdcu staff
33%
gregor 000 the priest of la manchaland
33%
rodion 000 the princess of la manchaland
33%
gregor 000 twinhook pirates first mate
33%
faust 00 wuthering heights butler
33%
outis 000 wuthering heights chief butler
33%
don quixote 000 cinq assoc. east section 3
27%
don quixote 000 cinq assoc. south section 5 director
27%
meursault 00 dead rabbits boss
27%
ryōshū 00 district 20 yurodivy
27%
gregor 000 firefist office survivor
27%
gregor | rodion 000 heishou pack- si branch
27%
sinclair 000 heishou pack- you branch
27%
hong lu 000 k corp. class 3 excision staff
27%
ishmael | rodion | ryōshū 00 lccb assistant manager
27%
faust 000 lce e.g.o: ardor blossom star
27%
ishmael 000 liu assoc. south section 4
27%
rodion 000 liu assoc. south section 4 director
27%
hong lu 00 liu assoc. south section 5
27%
gregor | meursault 00 liu assoc. south section 6
27%
don quixote 00 lobotomy e.g.o: lantern
27%
faust 000 lobotomy e.g.o: regret
27%
rodion 000 lobotomy e.g.o: the sword sharpened with tears
27%
sinclair 00 los mariachis jefe
27%
ishmael 000 molar boatworks fixer
27%
ryōshū 000 n corp. e.g.o: contempt, awe
27%
meursault 00 rosespanner workshop fixer
27%
outis 000 seven assoc. south section 6 director
27%
rodion 00 t corp. class 2 collection staff
27%
outis 000 the barber of la manchaland
27%
outis 00 the ring pointillist student
27%
meursault 000 the thumb east capo IIII
27%
sinclair 000 the thumb east soldato II
27%
gregor 000 zwei assoc. south section 4
27%
sinclair 00 zwei assoc. south section 6
27%
ishmael | sinclair 000 zwei assoc. west section 3
27%
outis 00 cinq assoc. south section 4
20%
meursault 000 cinq assoc. west section 3
20%
sinclair 000 dawn office fixer
20%
rodion | sinclair 000 devyat' assoc. north section 3
20%
hong lu 000 dieci assoc. south section 4
20%
meursault 000 dieci assoc. south section 4 director
20%
hong lu 00 fanghunt office fixer
20%
hong lu 00 hook office fixer
20%
ryōshū 00 liu assoc. south section 4
20%
ryōshū 000 lobotomy e.g.o: red eyes and penitence
20%
sinclair 00 lobotomy e.g.o: red sheet
20%
sinclair 000 cinq assoc. south section 4 director
13%
rodion 000 dieci assoc. south section 4
13%
heathcliff 000 öufi assoc. south section 3
13%
faust 00 zwei assoc. south section 4
13%
rodion 00 zwei assoc. south section 5
13%
No matching quizzes found
Score Distribution
Percent of People with Each Score
Percentile by Number Answered
Your Score History
You have not taken this quiz